| 000 | 00420 a2200169 4500 | ||
|---|---|---|---|
| 003 | Nust | ||
| 005 | 20170207153559.0 | ||
| 040 | _cNust | ||
| 082 | _a005.1 | ||
| 100 | _aRaja, Mubashir BESE-13 | ||
| 245 |
_aVoice Communication Over GPRS _cMubashir Raja, Jawad Ahmed Malik & Kashif Khan |
||
| 260 |
_aMCS _cJuly 2011 |
||
| 300 | _a78 p | ||
| 538 | _aAlmirah No 71 Shelf No 6 | ||
| 650 | _aUG Projects | ||
| 651 | _aUG CS Project | ||
| 942 | _cTHS | ||
| 999 |
_c189226 _d189226 |
||